Free land and property advertisements about claiming land in England and Wales (Record no. 111321)

MARC details
000 -LEADER
fixed length control field 00922cad a22002175a 4500
001 - CONTROL NUMBER
control field L151373
008 - FIXED-LENGTH DATA ELEMENTS--GENERAL INFORMATION
fixed length control field 101028s2005 xxk f 000 0 eng d
035 ## - SYSTEM CONTROL NUMBER
System control number (Sirsi) u151373
041 0# - LANGUAGE CODE
Language code of text/sound track or separate title eng
050 04 - LIBRARY OF CONGRESS CALL NUMBER
Classification number 346.41043 $2 18
110 2# - MAIN ENTRY--CORPORATE NAME
Corporate name or jurisdiction name as entry element Land Registry
9 (RLIN) 5885
245 00 - TITLE STATEMENT
Title Free land and property advertisements about claiming land in England and Wales
Medium [electronic resource]
260 ## - PUBLICATION, DISTRIBUTION, ETC.
Place of publication, distribution, etc. London
Name of publisher, distributor, etc. Land Registry
Date of publication, distribution, etc. 2010
490 #0 - SERIES STATEMENT
Series statement Land Registry Public Guides
Volume/sequential designation 16
520 ## - SUMMARY, ETC.
Summary, etc. Outlines Land Registry's response to frequently asked questions about advertisements claiming free land.
590 ## - LOCAL NOTE (RLIN)
Local note KA
651 #4 - SUBJECT ADDED ENTRY--GEOGRAPHIC NAME
Geographic name England and Wales
Chronological subdivision 1543-
690 ## - LOCAL SUBJECT ADDED ENTRY--TOPICAL TERM (OCLC, RLIN)
Topical term or geographic name as entry element PROPERTY-PROPERTY ACQUISITION AND DISPOSAL-REGISTRATION OF TITLE TO PROPERTY-LAND REGULATION
856 40 - ELECTRONIC LOCATION AND ACCESS
Uniform Resource Identifier <a href="https://www1.landregistry.gov.uk/assets/library/documents/public_guide_016.pdf">https://www1.landregistry.gov.uk/assets/library/documents/public_guide_016.pdf</a>
Public note View this item free of charge at www1.landregistry.gov.uk
942 ## - ADDED ENTRY ELEMENTS (KOHA)
Suppress in OPAC 0
Holdings
Withdrawn status Lost status Source of classification or shelving scheme Damaged status Not for loan Home library Current library Shelving location Date acquired Total Checkouts Full call number Barcode Date last seen Copy number Price effective from Koha item type
    Dewey Decimal Classification     Virtual Virtual Online 28/10/2010   ONLINE PUBLICATION 151373-2001 06/08/2019 1 06/08/2019 Book